Development in food proteins

Saved in:
Bibliografiske detaljer
Hovedforfatter: Hudson, B. J (Author)
Format: Bog
Sprog:engelsk
Udgivet: Londres Elsevier Applied Science Publishers 1984
Serier:Developments
Fag:
Tags: Tilføj Tag
Ingen Tags, Vær først til at tagge denne postø!

MARC

LEADER 00000nam a2200000 a 4500
001 UCR4888
003 CL-VaPUC
008 980320e19840000UK |||||||||||||||||eng|d
082 0 4 |a 641.12  |b HUD  |2 21 
100 0 |a Hudson, B. J  |e author  |9 405432 
245 1 0 |a Development in food proteins 
300 |a v 
942 |c BK 
945 |d 19980320 00:00:00  |a crobeson 
260 |a Londres  |b Elsevier Applied Science Publishers  |c 1984 
650 7 |a PROTEINAS  |2 CL-VaPUC  |9 405433 
650 0 |a Industria alimentaria  |9 331702 
650 0 |a Nutrición   |9 259434 
650 0 |a Alimentos  |9 256203 
583 |a last modification  |c 19980320 00:00:00  |k Rodrigo Vera 
490 0 |a Developments 
999 |c 267677  |d 267675 
952 |0 0  |1 0  |4 0  |6 641_120000000000000_HUD_1984  |7 0  |8 A  |9 300152  |a BIBALI  |b BIBALI  |d 2019-11-20  |h v.4  |i 1967274  |o 641.12 HUD 1984  |p 1967274  |r 2025-01-20  |w 2019-11-20  |y BK  |k ALI 
952 |0 0  |1 0  |4 0  |6 641_120000000000000_HUD_1984  |7 0  |8 A  |9 300153  |a BIBALI  |b BIBALI  |d 2019-11-20  |h v.3  |i 1980742  |o 641.12 HUD 1984  |p 1980742  |r 2025-01-20  |w 2019-11-20  |y BK  |k ALI